[Event "Gold Coast Van de Graaff op"]
[Site "Gold Coast"]
[Date "2020.09.19"]
[Round "3"]
[White "Kodithuwakku, Dulin Nethsuka"]
[Black "Ostapenko, Michael"]
[Result "0-1"]
[WhiteElo "1283"]
[BlackElo "1964"]
[PlyCount "94"]
[EventDate "2020.09.19"]
[EventType "swiss"]
[EventRounds "7"]
[EventCountry "AUS"]
[SourceTitle "CBM 198 Extra"]
[Source "ChessBase"]
[SourceDate "2020.11.30"]
[SourceVersion "1"]
[SourceVersionDate "2020.11.30"]
[SourceQuality "1"]

1. e4 e6 2. d4 d5 3. exd5 exd5 4. Bd3 Bd6 5. Nf3 Nc6 6. c3 Bg4 7. Be3 Qd7 8. Nbd2 Nge7 9. Qc2 0-0-0 10. 0-0-0 f6 11. Rde1 Bf5 12. Nf1 Bxd3 13. Qxd3 h5 14. Bd2 Nf5 15. Ng3 Nfe7 16. h3 h4 17. Nf1 Nf5 18. Ne3 Nxe3 19. Bxe3 Na5 20. Nd2 g5 21. Ref1 Rhg8 22. b3 Rde8 23. Kb1 Nc6 24. Nf3 Ne7 25. Nh2 Bxh2 26. Rxh2 Qf5 27. Kc2 Qxd3+ 28. Kxd3 Nf5 29. Bd2 Re4 30. Re1 Rge8 31. Rhh1 Kd7 32. Rxe4 dxe4+ 33. Ke2 e3 34. Bxe3 Rxe3+ 35. Kd2 Re7 36. Rc1 Nd6 37. f3 Nf5 38. Rf1 Ng3 39. Rf2 f5 40. c4 Kd6 41. d5 c6 42. dxc6 Kxc6 43. Kd3 Nh5 44. Kc3 Nf4 45. Rd2 Re2 46. Rxe2 Nxe2+ 47. Kd3 Nf4+ 0-1

[Event "AUS-ch U18"]
[Site "Gold Coast"]
[Date "2020.01.23"]
[Round "6"]
[White "Ostapenko, Michael"]
[Black "McGowan, Cameron"]
[Result "1/2-1/2"]
[WhiteElo "1958"]
[BlackElo "2085"]
[PlyCount "86"]
[EventDate "2020.01.18"]
[EventType "swiss"]
[EventRounds "9"]
[EventCountry "AUS"]
[SourceTitle "EXT 2021"]
[Source "ChessBase"]
[SourceDate "2020.10.23"]
[SourceVersion "1"]
[SourceVersionDate "2020.10.23"]
[SourceQuality "1"]

1. e4 c5 2. Nf3 Nc6 3. c3 Nf6 4. e5 Nd5 5. Bc4 e6 6. 0-0 d6 7. exd6 Bxd6 8. d4 cxd4 9. cxd4 0-0 10. Nbd2 Nf6 11. Re1 b6 12. Nf1 Bb7 13. a3 h6 14. Ba2 Ne7 15. Ng3 Bxf3 16. Qxf3 Bxg3 17. hxg3 Qxd4 18. Bf4 Ng6 19. Rad1 Qxb2 20. Rd2 Qb5 21. Bxh6 Qh5 22. Qxh5 Nxh5 23. Bg5 Nf6 24. Bb1 Ne7 25. Bxf6 gxf6 26. Rd7 Nd5 27. Be4 Rfd8 28. Bxd5 exd5 29. Ree7 Rxd7 30. Rxd7 Rc8 31. Rxa7 Rc1+ 32. Kh2 Rc3 33. Rd7 Rxa3 34. Rxd5 Rb3 35. Kh3 Rb4 36. g4 b5 37. Kg3 Kg7 38. f3 Rb1 39. Kf4 b4 40. Rb5 Kg6 41. Rb6 Kg7 42. Rb5 b3 43. Kf5 Rb2 1/2-1/2

[Event "AUS-ch U18"]
[Site "Gold Coast"]
[Date "2020.01.22"]
[Round "5"]
[White "Ostapenko, Michael"]
[Black "Odenthal, Aidan"]
[Result "0-1"]
[WhiteElo "1958"]
[BlackElo "1765"]
[PlyCount "33"]
[EventDate "2020.01.18"]
[EventType "swiss"]
[EventRounds "9"]
[EventCountry "AUS"]
[SourceTitle "EXT 2021"]
[Source "ChessBase"]
[SourceDate "2020.10.23"]
[SourceVersion "1"]
[SourceVersionDate "2020.10.23"]
[SourceQuality "1"]

1. e4 g6 2. d4 Bg7 3. Nc3 d6 4. f4 a6 5. Nf3 Nd7 6. Bd3 b5 7. 0-0 c5 8. dxc5 Nxc5 9. Qe2 Nxd3 10. Qxd3 Be6 11. Nd5 Nf6 12. Ng5 Bxd5 13. exd5 Qc8 14. Be3 Qf5 15. Qxf5 gxf5 16. Rad1 Ng4 17. Rd3 0-1

[Event "Queensland-ch"]
[Site "Brisbane"]
[Date "2019.10.07"]
[Round "8"]
[White "Fernandez, Daniel Howard"]
[Black "Ostapenko, Michael"]
[Result "1-0"]
[WhiteElo "2440"]
[BlackElo "1900"]
[PlyCount "57"]
[EventDate "2019.10.03"]
[EventType "swiss"]
[EventRounds "9"]
[EventCountry "AUS"]
[SourceTitle "EXT 2021"]
[Source "ChessBase"]
[SourceDate "2020.10.23"]
[SourceVersion "1"]
[SourceVersionDate "2020.10.23"]
[SourceQuality "1"]

1. Nf3 d5 2. c4 c6 3. e3 Bg4 4. cxd5 Qxd5 5. Nc3 Qa5 6. b4 Qc7 7. b5 Nf6 8. Qa4 Bxf3 9. gxf3 g6 10. Rb1 Bg7 11. Ba3 0-0 12. b6 Qd7 13. bxa7 Na6 14. Bxa6 bxa6 15. Bc5 Nd5 16. Qg4 Qxg4 17. fxg4 Bxc3 18. dxc3 Nxc3 19. Rb7 Rfd8 20. 0-0 e6 21. Kg2 Ne4 22. Be7 Rdc8 23. Rc1 Kg7 24. g5 h6 25. h4 hxg5 26. hxg5 c5 27. f3 Nd2 28. Bf6+ Kg8 29. Rh1 1-0

[Event "Queensland-ch"]
[Site "Brisbane"]
[Date "2019.10.06"]
[Round "7"]
[White "Ostapenko, Michael"]
[Black "Ooi, Jayden"]
[Result "1-0"]
[WhiteElo "1900"]
[BlackElo "1783"]
[PlyCount "117"]
[EventDate "2019.10.03"]
[EventType "swiss"]
[EventRounds "9"]
[EventCountry "AUS"]
[SourceTitle "EXT 2021"]
[Source "ChessBase"]
[SourceDate "2020.10.23"]
[SourceVersion "1"]
[SourceVersionDate "2020.10.23"]
[SourceQuality "1"]

1. e4 e5 2. Nf3 Nc6 3. Bc4 Bc5 4. c3 Nf6 5. d3 d6 6. Bb3 Be6 7. Bc2 a6 8. 0-0 Ba7 9. a3 h6 10. d4 Bg4 11. d5 Ne7 12. h3 Bh5 13. Be3 Qd7 14. Bxa7 Rxa7 15. Qd3 g5 16. Nh2 Ra8 17. Qe3 Bg6 18. c4 Rg8 19. Nc3 Kd8 20. Ba4 Qc8 21. Rfd1 g4 22. h4 g3 23. fxg3 Ng4 24. Nxg4 Qxg4 25. Rf1 Bh5 26. Bd1 Qg6 27. Bxh5 Qxh5 28. Qf3 Qg6 29. Rae1 Rg7 30. Re3 Kd7 31. Qf6 Qh7 32. c5 Rag8 33. cxd6 cxd6 34. Na4 Nc8 35. Rc3 Rxg3 36. Rxg3 Rxg3 37. Qxf7+ Qxf7 38. Rxf7+ Ne7 39. Nb6+ Ke8 40. Rf6 Rg6 41. Rxg6 Nxg6 42. g3 Ke7 43. Kg2 Nh8 44. Kf3 h5 45. g4 hxg4+ 46. Kxg4 Kf6 47. Nc4 Nf7 48. Ne3 Kg6 49. Nf5 Kf6 50. Kh5 b6 51. a4 Nh8 52. Nxd6 Ng6 53. Ne8+ Kf7 54. Kg5 Nf4 55. Nd6+ Ke7 56. Nc8+ Kf7 57. Nxb6 Nd3 58. Nc4 Nc5 59. Kf5 1-0

[Event "Queensland-ch"]
[Site "Brisbane"]
[Date "2019.10.05"]
[Round "5"]
[White "Ostapenko, Michael"]
[Black "Wang, Jason2222"]
[Result "1-0"]
[WhiteElo "1900"]
[BlackElo "1860"]
[PlyCount "161"]
[EventDate "2019.10.03"]
[EventType "swiss"]
[EventRounds "9"]
[EventCountry "AUS"]
[SourceTitle "EXT 2021"]
[Source "ChessBase"]
[SourceDate "2020.10.23"]
[SourceVersion "1"]
[SourceVersionDate "2020.10.23"]
[SourceQuality "1"]

1. e4 e5 2. Nf3 Nc6 3. Bc4 Bc5 4. c3 Nf6 5. d3 d6 6. Bb3 h6 7. 0-0 Bb6 8. Nbd2 Na5 9. Bc2 c5 10. Re1 Nc6 11. Nc4 Bc7 12. d4 0-0 13. dxc5 dxc5 14. Qe2 Be6 15. Ne3 Ne7 16. Qb5 b6 17. Qe2 Qc8 18. Nh4 Ng6 19. Nef5 Kh7 20. Nf3 a6 21. a4 Re8 22. Be3 Qb7 23. Qd2 Rad8 24. Qc1 Ng8 25. a5 c4 26. axb6 Bxb6 27. Ra2 Bxe3 28. Qxe3 f6 29. Qc5 Qb5 30. Qa3 Bxf5 31. exf5 Nf4 32. Qxa6 Qxa6 33. Rxa6 Rb8 34. Rb1 Red8 35. Rc6 Rdc8 36. Rxc8 Rxc8 37. g3 Nd5 38. Be4 Nge7 39. Nxe5 fxe5 40. f6+ Kg8 41. fxe7 Nxe7 42. Rd1 Rb8 43. Rd7 Kf8 44. Rb7 Rxb7 45. Bxb7 Nf5 46. Bd5 Nd6 47. Kf1 Ke7 48. Ke2 Kf6 49. Ke3 Nf5+ 50. Kf3 Nd6 51. Kg4 g6 52. h4 Ke7 53. Kf3 Kf6 54. Be4 Nf7 55. Ke3 g5 56. h5 Nd6 57. Bd5 Nf5+ 58. Kf3 Nd6 59. Kg4 Ke7 60. f4 gxf4 61. gxf4 Kf6 62. Bg8 Nf5 63. Kf3 Nd6 64. Bh7 Ke6 65. Ke3 Kf6 66. Be4 Ke6 67. Bg2 Nf5+ 68. Ke4 Nd6+ 69. Kf3 Kf6 70. Bh3 Nf7 71. Ke4 Nd6+ 72. Kd5 Nf7 73. Be6 exf4 74. Bxf7 Kxf7 75. Ke4 Ke6 76. Kxf4 Kf6 77. Ke4 Kg5 78. Kd4 Kxh5 79. Kxc4 Kg5 80. Kd3 Kg4 81. Ke2 1-0

[Event "Oceania-ch U16"]
[Site "Auckland"]
[Date "2019.01.11"]
[Round "8"]
[White "Wang, Jason2222"]
[Black "Ostapenko, Michael"]
[Result "0-1"]
[WhiteElo "1799"]
[BlackElo "1961"]
[PlyCount "42"]
[EventDate "2019.01.08"]
[EventType "swiss"]
[EventRounds "9"]
[EventCountry "NZL"]
[SourceTitle "EXT 2021"]
[Source "ChessBase"]
[SourceDate "2020.10.23"]
[SourceVersion "1"]
[SourceVersionDate "2020.10.23"]
[SourceQuality "1"]

1. e4 e6 2. d4 d5 3. exd5 exd5 4. c4 Nf6 5. Nc3 Bb4 6. a3 Bxc3+ 7. bxc3 0-0 8. Nf3 Re8+ 9. Be3 Nbd7 10. h3 c6 11. cxd5 Nxd5 12. Kd2 Nc5 13. Bd3 Nxd3 14. Kxd3 Qb6 15. g4 c5 16. Qa4 Qe6 17. Ng5 Qe7 18. Rhe1 Bd7 19. Qb3 c4+ 20. Qxc4 Nxe3 21. fxe3 Qxg5 0-1

[Event "Oceania-ch U16"]
[Site "Auckland"]
[Date "2019.01.10"]
[Round "5"]
[White "Ostapenko, Michael"]
[Black "Wang, Kayson"]
[Result "1/2-1/2"]
[WhiteElo "1961"]
[BlackElo "1983"]
[PlyCount "66"]
[EventDate "2019.01.08"]
[EventType "swiss"]
[EventRounds "9"]
[EventCountry "NZL"]
[SourceTitle "EXT 2021"]
[Source "ChessBase"]
[SourceDate "2020.10.23"]
[SourceVersion "1"]
[SourceVersionDate "2020.10.23"]
[SourceQuality "1"]

1. e4 e6 2. d4 d5 3. Nc3 Bb4 4. e5 c5 5. a3 Bxc3+ 6. bxc3 Ne7 7. Qg4 0-0 8. Bd3 f5 9. exf6 Rxf6 10. Bg5 Rf7 11. Qh5 g6 12. Qh4 Nbc6 13. Nf3 Qa5 14. Bd2 c4 15. Be2 Nf5 16. Qg5 Nd6 17. 0-0 Ne4 18. Qe3 Qc7 19. Ng5 Nxg5 20. Qxg5 e5 21. Bf3 e4 22. Be2 Rf5 23. Qg3 Qxg3 24. hxg3 Rf7 25. f3 Bf5 26. g4 e3 27. gxf5 exd2 28. fxg6 hxg6 29. Rfd1 Re8 30. Kf2 Rfe7 31. Rxd2 Re3 32. f4 Rxc3 33. Bf3 Rd8 1/2-1/2

[Event "Oceania-ch U16"]
[Site "Auckland"]
[Date "2019.01.09"]
[Round "4"]
[White "Ostapenko, Michael"]
[Black "Winter, Ryan"]
[Result "1-0"]
[WhiteElo "1961"]
[BlackElo "1803"]
[PlyCount "67"]
[EventDate "2019.01.08"]
[EventType "swiss"]
[EventRounds "9"]
[EventCountry "NZL"]
[SourceTitle "EXT 2021"]
[Source "ChessBase"]
[SourceDate "2020.10.23"]
[SourceVersion "1"]
[SourceVersionDate "2020.10.23"]
[SourceQuality "1"]

1. e4 c6 2. d4 d5 3. e5 Bf5 4. c4 e6 5. a3 Nd7 6. Nc3 Ne7 7. Nge2 dxc4 8. Ng3 Nb6 9. Be2 Bg6 10. 0-0 Nf5 11. Nxf5 Bxf5 12. Be3 Be7 13. Rc1 Rc8 14. Na2 Be4 15. Nc3 Bd5 16. f4 a6 17. Qe1 h5 18. f5 exf5 19. Rxf5 g6 20. Rf1 Bg5 21. Qf2 0-0 22. Nxd5 cxd5 23. Bxh5 Bxe3 24. Qxe3 Qh4 25. Be2 Nd7 26. Rf3 f5 27. Rh3 Qe7 28. Bf3 Nb6 29. Qh6 Qg7 30. Qg5 Rc6 31. Rh6 Re8 32. Rxc4 Kf7 33. Rxc6 bxc6 34. Rxg6 1-0

[Event "AUS-ch Major"]
[Site "Cammeray"]
[Date "2018.01.12"]
[Round "11"]
[White "Bierkens, Pieter"]
[Black "Ostapenko, Michael"]
[Result "1/2-1/2"]
[WhiteElo "2092"]
[BlackElo "1881"]
[PlyCount "84"]
[EventDate "2018.01.02"]
[EventType "swiss"]
[EventRounds "11"]
[EventCountry "AUS"]
[SourceTitle "CBM 182 Extra"]
[Source "ChessBase"]
[SourceDate "2018.02.23"]
[SourceVersion "1"]
[SourceVersionDate "2018.02.23"]
[SourceQuality "1"]

1. e4 e6 2. d4 d5 3. Nc3 Bb4 4. exd5 exd5 5. Bd3 Ne7 6. Nge2 Nbc6 7. 0-0 0-0 8. a3 Bxc3 9. bxc3 Bf5 10. Re1 Qd7 11. c4 dxc4 12. Bxc4 Rad8 13. Bb2 Nd5 14. Bd3 Nb6 15. Rb1 Rfe8 16. Qd2 Bxd3 17. Qxd3 Qe6 18. Bc3 Qd6 19. Qg3 Qxg3 20. hxg3 f6 21. Kf1 Kf7 22. a4 a5 23. Rb5 Rd5 24. Nf4 Rxb5 25. axb5 Rxe1+ 26. Kxe1 Na7 27. Bxa5 Nc4 28. Bxc7 Nxb5 29. Bb8 Nxd4 30. Kd1 g5 31. Nd3 Ke7 32. g4 b6 33. Bg3 Ke6 34. Bb8 Nc6 35. Bc7 Kd7 36. Bg3 N6e5 37. Nxe5+ fxe5 38. Ke2 Kd6 39. f3 Kd5 40. Bf2 e4 41. Bg1 h6 42. Bf2 b5 1/2-1/2

[Event "AUS-ch Major"]
[Site "Cammeray"]
[Date "2018.01.08"]
[Round "7"]
[White "Sheldrick, Kevin"]
[Black "Ostapenko, Michael"]
[Result "0-1"]
[WhiteElo "2119"]
[BlackElo "1881"]
[PlyCount "120"]
[EventDate "2018.01.02"]
[EventType "swiss"]
[EventRounds "11"]
[EventCountry "AUS"]
[SourceTitle "CBM 182 Extra"]
[Source "ChessBase"]
[SourceDate "2018.02.23"]
[SourceVersion "1"]
[SourceVersionDate "2018.02.23"]
[SourceQuality "1"]

1. e4 e6 2. d4 d5 3. Nc3 Bb4 4. a3 Bxc3+ 5. bxc3 Ne7 6. Bd3 c5 7. exd5 exd5 8. dxc5 Qa5 9. Ne2 Qxc5 10. Be3 Qa5 11. 0-0 0-0 12. Ng3 Nbc6 13. Bd4 Nxd4 14. cxd4 Bd7 15. Qh5 g6 16. Qg5 f6 17. Qh6 Bb5 18. Rad1 Rae8 19. h4 Bxd3 20. Rxd3 Kh8 21. Qf4 Kg7 22. Rb1 b6 23. h5 Ng8 24. Re3 Qa4 25. Rbb3 Rxe3 26. fxe3 Qc6 27. Qf3 Ne7 28. Qe2 Rc8 29. c3 Qc4 30. Qxc4 Rxc4 31. Kf2 Kf7 32. hxg6+ hxg6 33. e4 Ke6 34. Kf3 Nc6 35. Ke3 Na5 36. Rb5 Rxc3+ 37. Kf4 g5+ 38. Kg4 dxe4 39. Nxe4 Rc4 40. Kf3 Rxd4 41. Rb1 Nc4 42. Re1 Ne5+ 43. Kg3 Rd3+ 44. Kf2 Rxa3 45. Ng3 Kd5 46. Rd1+ Rd3 47. Rxd3+ Nxd3+ 48. Ke3 Nf4 49. Kf3 a5 50. Ne4 Ke5 51. Nc3 Kd4 52. Nb5+ Kc5 53. Nc3 Nd5 54. Ne4+ Kb4 55. Nd6 a4 56. Nf5 a3 57. Nd4 a2 58. Ke4 Kc4 59. Nc2 Kc3 60. Na1 Ne7 0-1

[Event "AUS-ch U10"]
[Site "Wahroonga"]
[Date "2014.01.12"]
[Round "6"]
[White "Ostapenko, Michael"]
[Black "Lim, Christopher"]
[Result "1-0"]
[WhiteElo "1080"]
[BlackElo "1037"]
[PlyCount "63"]
[EventDate "2014.01.11"]
[EventType "swiss"]
[EventRounds "9"]
[EventCountry "AUS"]
[SourceTitle "EXT 2020"]
[Source "ChessBase"]
[SourceDate "2019.10.17"]
[SourceVersion "1"]
[SourceVersionDate "2019.10.17"]
[SourceQuality "1"]

1. e4 e6 2. d4 d5 3. exd5 exd5 4. Nf3 Bd6 5. Bd3 Nc6 6. c3 Nge7 7. 0-0 Bg4 8. Bg5 f6 9. Bh4 0-0 10. Bg3 Re8 11. Nbd2 a6 12. Qc2 h6 13. Rae1 Rc8 14. Nh4 Bh5 15. Nf5 Nxf5 16. Bxf5 Rb8 17. Qb3 Be2 18. Be6+ Rxe6 19. Qxd5 Bxf1 20. Qxe6+ Kh8 21. Kxf1 Bxg3 22. hxg3 Qf8 23. Nf3 Nd8 24. Qe4 f5 25. Qd3 Nc6 26. Nh4 Qf6 27. Qxf5 Qd6 28. Ng6+ Kg8 29. Re6 Qd7 30. d5 Nd8 31. Qf8+ Kh7 32. Qh8# 1-0

[Event "AUS-ch U10"]
[Site "Wahroonga"]
[Date "2014.01.11"]
[Round "3"]
[White "Sen, Deniz"]
[Black "Ostapenko, Michael"]
[Result "0-1"]
[WhiteElo "581"]
[BlackElo "1080"]
[PlyCount "156"]
[EventDate "2014.01.11"]
[EventType "swiss"]
[EventRounds "9"]
[EventCountry "AUS"]
[SourceTitle "EXT 2020"]
[Source "ChessBase"]
[SourceDate "2019.10.17"]
[SourceVersion "1"]
[SourceVersionDate "2019.10.17"]
[SourceQuality "1"]

1. e4 e5 2. Nf3 Nc6 3. Nc3 Nf6 4. Bc4 Bc5 5. d3 h6 6. h3 d6 7. b3 Bb4 8. Bb2 Nd4 9. 0-0 Ne6 10. Nd5 Bc5 11. Qd2 c6 12. Nxf6+ Qxf6 13. Rad1 0-0 14. a4 a6 15. Rfe1 Re8 16. b4 Bb6 17. a5 Ba7 18. c3 Nf4 19. Bb3 Nxh3+ 20. Kf1 Nxf2 21. Rc1 Bg4 22. Qe2 Bxf3 23. Qxf3 Qxf3 24. gxf3 Nxd3 25. Rb1 Nxe1 26. Rxe1 b6 27. axb6 Bxb6 28. Ba4 Rec8 29. Rd1 Bc7 30. Bxc6 Rab8 31. Rd5 Rb6 32. Bd7 Rd8 33. Ba4 Rf8 34. b5 axb5 35. Bxb5 f5 36. exf5 Rxf5 37. Kf2 Rh5 38. Ba3 Rh2+ 39. Kg3 Rh1 40. Bc4 Kh8 41. Kg2 Ra1 42. Bb5 Ra2+ 43. Kg3 Rc2 44. Ba4 Ra2 45. Bb3 Rb2 46. Bc4 Rc2 47. Bb3 Rxc3 48. Bb2 Rbxb3 49. Bxc3 Kg8 50. Kg2 Kh7 51. Kg3 Kh8 52. Ba5 Bxa5 53. Rxa5 e4 54. Rf5 Rxf3+ 55. Rxf3 exf3 56. Kxf3 g5 57. Kg4 d5 58. Kf3 h5 59. Kg3 h4+ 60. Kg4 d4 61. Kxg5 h3 62. Kf4 h2 63. Ke4 h1Q+ 64. Kxd4 Qe1 65. Kd3 Qe5 66. Kc4 Qd6 67. Kc3 Qd5 68. Kc2 Qd4 69. Kb3 Qc5 70. Kb2 Qc4 71. Kb1 Qc3 72. Ka2 Qb4 73. Ka1 Kg7 74. Ka2 Kf6 75. Ka1 Ke5 76. Ka2 Kd4 77. Ka1 Kc3 78. Ka2 Qb2# 0-1